000 00602nam a2200205 a 4500
001 000021908
005 20200930011511.0
008 100914s1973 sp r 000 0bspa d
020 _a8432024031
040 _aDO-SdBNP
_bspa
_cBNPHU
082 _a928.44
_bV935P
100 1 _aPujol, Carlos
_945462
245 1 0 _aVoltaire /
_cCarlos Pujol.
260 _aBarcelona :
_bPlaneta,
_c1973.
300 _a189 p. :
_bil. ;
_c20 cm.
490 1 _aDifusión Cultural Planeta
600 1 0 _aVOLTAIRES, FRANCOIS MARIE ARUOET, DE
_d1694-1778
_945463
830 0 _aDifusión Cultural Planeta
_945464
049 _aBNGR
999 _c21406
_d21406